|
|
|
|
| LEADER |
00000nam0a2200000 4500 |
| 001 |
105462 |
| 005 |
20231031114421.0 |
| 035 |
|
|
|a (RuTPU)RU\TPU\book\113808
|
| 090 |
|
|
|a 105462
|
| 100 |
|
|
|a 20061116d1965 km y0rusy50 ca
|
| 101 |
1 |
|
|a rus
|
| 102 |
|
|
|a RU
|
| 105 |
|
|
|a a z 000zy
|
| 200 |
1 |
|
|a Рентгеновская металлография
|f А. Тейлор
|g пер. с англ. В. Г. Лютцау; под ред. Б. Я. Пинеса
|
| 210 |
|
|
|a Москва
|c Металлургия
|d 1965
|
| 215 |
|
|
|a 663 с.
|c ил.
|
| 320 |
|
|
|a Приложение: с. 591-663.
|
| 606 |
1 |
|
|a Металлы
|x Рентгеноскопические исследования
|2 stltpush
|3 (RuTPU)RU\TPU\subj\43166
|
| 610 |
1 |
|
|a кристаллы
|
| 610 |
1 |
|
|a дифракция
|
| 610 |
1 |
|
|a рентгеновские трубки
|
| 610 |
1 |
|
|a равновесие
|
| 610 |
1 |
|
|a интенсивность
|
| 610 |
1 |
|
|a сплавы
|
| 610 |
1 |
|
|a металлы
|
| 610 |
1 |
|
|a рентгенография
|
| 675 |
|
|
|a 669:539.2
|v 3
|
| 700 |
|
1 |
|a Тейлор
|b А.
|
| 702 |
|
1 |
|a Лютцау
|b В. Г.
|4 730
|
| 702 |
|
1 |
|a Пинес
|b Б. Я.
|4 340
|
| 801 |
|
1 |
|a RU
|b 63413507
|c 20061116
|g PSBO
|
| 801 |
|
2 |
|a RU
|b 63413507
|c 20190527
|g PSBO
|
| 942 |
|
|
|c BK
|